P1Harmony all songs(March 2026 update) - Statistics

General Stats
  • This quiz has been taken 611 times
    59 since last reset
  • The average score is 45 of 71
Answer Stats
Hint Answer % Correct
DUH! DUH!
95%
EX EX
95%
Killin' It Killin' It
95%
SAD SONG SAD SONG
95%
UNIQUE UNIQUE
95%
UNIQUE ICE (VVS)
90%
UNIQUE L.O.Y.L
90%
EX Dancing Queen
85%
HARMONY : ALL IN JUMP
85%
DISHARMONY : STAND OUT SIREN
85%
UNIQUE Wednesday Girl
85%
Digital single Fall In Love Again
83%
DUH! Pretty Boy
83%
DUH! Murmur
80%
UNIQUE Triple 7
80%
DISHARMONY : STAND OUT Butterfly
78%
SAD SONG It's Alright
78%
EX Stupid Brain
78%
DUH! Work
78%
DISHARMONY : FIND OUT Do It Like This
75%
UNIQUE Pandemonium
75%
HARMONY : ZERO IN Doom Du Doom
70%
EX Night Of My Life
70%
DISHARMONY : BREAK OUT Pyramid
70%
DISHARMONY : BREAK OUT Scared
70%
HARMONY : SET IN Back Down
68%
Killin' It Late Night Calls
68%
DUH! Over And Over
68%
SAD SONG WASP
68%
HARMONY : SET IN BFF(Best Friends
Forever)
65%
DUH! Flashy
65%
DISHARMONY : BREAK OUT Ayaya
63%
HARMONY : ALL IN I Am You
63%
Killin' It Love Story
63%
DISHARMONY : STAND OUT Nemonade
63%
DISHARMONY : BREAK OUT Reset
63%
DISHARMONY : FIND OUT That’$ Money
63%
DISHARMONY : STAND OUT That's It
63%
DISHARMONY : BREAK OUT If You Call Me
60%
Killin' It 2Nite
58%
HARMONY : ZERO IN Black Hole
58%
DISHARMONY : BREAK OUT End It
58%
HARMONY : SET IN Secret Sauce
58%
DISHARMONY : FIND OUT Bop
55%
Killin' It Emergency
55%
HARMONY : ALL IN Heartbeat Drum
55%
Killin' It I See U
55%
SAD SONG Last Call
55%
HARMONY : SET IN Look At Me Now
55%
HARMONY : ALL IN Love Me For Me
55%
HARMONY : ALL IN More Than Words
55%
HARMONY : ZERO IN Yes Man
55%
DISHARMONY : FIND OUT Follow Me
53%
SAD SONG Welcome To
53%
SAD SONG All You
50%
HARMONY : ZERO IN Mirror Mirror
50%
HARMONY : SET IN One And Only
50%
Killin' It Street Star
50%
Killin' It Let Me Love You
48%
DISHARMONY : FIND OUT Peacemaker
48%
HARMONY : ZERO IN Swagger
48%
Killin' It Everybody Clap
45%
HARMONY : ALL IN New Classic
45%
DISHARMONY : FIND OUT Before The Dawn
43%
HARMONY : SET IN Better Together
43%
Other releases Breakthrough
43%
Killin' It Countdown To Love
43%
HARMONY : ZERO IN Different Song For Me
43%
Other releases Gotta Get Back
43%
Other releases Super Chic
38%
Other releases R.O.P (Reign of Peace)
33%
No matching quizzes found
Score Distribution
Percent of People with Each Score
Percentile by Number Answered
Your Score History
You have not taken this quiz since the last reset